| 000 | 00391nam a2200133Ia 4500 | ||
|---|---|---|---|
| 008 | 210428s9999 xx 000 0 und d | ||
| 082 | _a620.14 C5321 C | ||
| 100 |
_aRichard E.Chinn _952110 |
||
| 245 | 0 | _aCeramography | |
| 260 |
_bASM International _aUnited states of America _c2002 |
||
| 300 | _a214p. | ||
| 856 | _uhttp://10.250.8.41:8080/xmlui/handle/123456789/46339 | ||
| 942 |
_cBK _2ddc |
||
| 999 |
_c559865 _d559865 |
||